| 000 | 01242cam a22003257a 4500 | ||
|---|---|---|---|
| 001 | 14485762 | ||
| 003 | OSt | ||
| 005 | 20221012105549.0 | ||
| 008 | 060808t2006 enka f b 000 0 eng d | ||
| 020 | _a9780470014462 | ||
| 020 | _a0470014466 | ||
| 035 | _a(OCoLC)ocm69106327 | ||
| 040 |
_aEUN _beng _erda _cEUN _dBAKER _dTXH _dDLC _dEG-ScBUE |
||
| 082 | 0 | 4 |
_a720.68 _bTHO _222 |
| 100 | 1 |
_aThomas, Andrew, _eauthor. |
|
| 245 | 1 | 0 |
_aDesign-build / _cAndrew Thomas. |
| 264 | 1 |
_aChichester, West Sussex ; _aHoboken, NJ : _bWiley-Academy, _c[2006] |
|
| 264 | 4 | _cc2006 | |
| 300 |
_a256 pages : _billustrations ; _c24 cm |
||
| 504 | _aIncludes bibliographical references. | ||
| 650 | 7 |
_aArchitectural practice. _2BUEsh _937735 |
|
| 650 | 7 |
_aArchitectural design. _2BUEsh |
|
| 653 | _bENGARC | ||
| 655 | _vReading book | ||
| 856 | 4 | 2 |
_3Publisher description _uhttp://www.loc.gov/catdir/enhancements/fy0659/2006297218-d.html |
| 856 | 4 | 1 |
_3Table of contents only _uhttp://www.loc.gov/catdir/enhancements/fy0740/2006297218-t.html |
| 856 | 4 | 2 |
_3Contributor biographical information _uhttp://www.loc.gov/catdir/enhancements/fy0740/2006297218-b.html |
| 942 |
_2ddc _cBB |
||
| 999 |
_c10589 _d10589 |
||